[Event "TCh-RUS Premier 2023"]
[Site "Sochi RUS"]
[Date "2023.05.01"]
[Round "1.4"]
[Board "3"]
[White "Shuvalova, Polina"]
[Black "Bocharov, Dmitry"]
[Result "1/2-1/2"]
[WhiteTitle "IM"]
[BlackTitle "GM"]
[WhiteElo "2475"]
[BlackElo "2516"]
[WhiteTeam "Russkaya shakhmatnaya shkola (Moskva)"]
[BlackTeam "Sbornaya Novosibirskoy oblasti (Novosibir"]
[WhiteFideId "24171760"]
[BlackFideId "4138716"]
[EventDate "2023.05.01"]
[EventType "team"]

1. d4 Nf6 2. c4 e6 3. Nc3 d5 4. cxd5 exd5 5. Bg5 Bb4 6. Rc1 c6 7. e3 h6 8. Bh4
O-O 9. Bd3 Re8 10. Ne2 Nbd7 11. O-O Bd6 12. h3 Nf8 13. Qc2 Ne6 14. f3 Be7 15.
Rcd1 Nh5 16. Bxe7 Qxe7 17. Qd2 Qg5 18. Kh2 Qd8 19. f4 Nf6 20. Ng1 Bd7 21. Nf3 c5
22. Bc2 cxd4 23. exd4 b5 24. a3 a5 25. b4 axb4 26. axb4 Qe7 27. Rb1 Qd6 28. Ne5
Rec8 29. Ne2 Ra7 30. Ng3 Rac7 31. Nf5 Qf8 32. Bd3 Be8 33. Qe2 Kh8 34. Qf2 Rc3
35. Qh4 Ng8 36. Ne3 Qe7 37. Qf2 Nf6 38. Nf5 Qc7 39. Qh4 Ng8 40. Ne3 Qe7 41. Qe1
Nf6 42. Nf5 Qf8 43. Rf3 g6 44. Nh4 Nxd4 45. Rg3 Nh5 46. Rg4 Rxd3 47. Nxd3 Nf6
48. Qe5 Qg7 49. Rg3 Ne4 50. Re3 Qxe5 51. Nxe5 Kg7 52. Rd3 Ne2 53. Rf1 f6 54.
Rxd5 N2c3 55. Rd4 fxe5 56. fxe5 Rc7 57. Nf3 Re7 58. Re1 Bc6 59. Re3 g5 60. Rd8
Be8 61. Rc8 Bh5 62. Nd4 Bg6 63. Rcxc3 Nxc3 64. Rxc3 Rxe5 65. Rc7+ Kf6 66. Rc6+
Kg7 67. Rc7+ 1/2-1/2

[Event "TCh-RUS Premier 2023"]
[Site "Sochi RUS"]
[Date "2023.05.01"]
[Round "1.4"]
[Board "4"]
[White "Kezin, Roman"]
[Black "Grebnev, Aleksey"]
[Result "1/2-1/2"]
[WhiteTitle "IM"]
[BlackTitle "IM"]
[WhiteElo "2514"]
[BlackElo "2483"]
[WhiteTeam "Sbornaya Novosibirskoy oblasti (Novosibir"]
[BlackTeam "Russkaya shakhmatnaya shkola (Moskva)"]
[WhiteFideId "24124621"]
[BlackFideId "34189030"]
[EventDate "2023.05.01"]
[EventType "team"]

1. d4 Nf6 2. c4 e6 3. Nf3 d5 4. g3 Bb4+ 5. Nbd2 O-O 6. Bg2 dxc4 7. Qc2 b5 8. a4
Bb7 9. axb5 Qd5 10. O-O Bxd2 11. Bxd2 Qxb5 12. Rfc1 Be4 13. Qxc4 Qxb2 14. Ra2
Qb7 15. Qxc7 Qb5 16. Qc5 Qb7 17. Qc7 Qb5 18. Qc5 Qb7 19. Qc7 1/2-1/2

[Event "TCh-RUS Premier 2023"]
[Site "Sochi RUS"]
[Date "2023.05.01"]
[Round "1.4"]
[Board "5"]
[White "Vetokhin, Savva"]
[Black "Khubukshanov, Erdem"]
[Result "0-1"]
[WhiteTitle "IM"]
[BlackTitle "IM"]
[WhiteElo "2420"]
[BlackElo "2388"]
[WhiteTeam "Russkaya shakhmatnaya shkola (Moskva)"]
[BlackTeam "Sbornaya Novosibirskoy oblasti (Novosibir"]
[WhiteFideId "44144474"]
[BlackFideId "54114527"]
[EventDate "2023.05.01"]
[EventType "team"]

1. d4 Nf6 2. c4 e6 3. Nc3 Bb4 4. e3 O-O 5. Bd3 Re8 6. Ne2 d5 7. O-O Nbd7 8. h3
Bf8 9. Qc2 b6 10. cxd5 exd5 11. Nf4 Bb7 12. f3 c5 13. g4 h6 14. Qf2 Bd6 15. Nce2
a5 16. h4 Nf8 17. Bd2 Ba6 18. Bxa6 Rxa6 19. Kg2 a4 20. a3 Ra7 21. Rad1 Qd7 22.
Bc1 g5 23. hxg5 hxg5 24. dxc5 Bxc5 25. Nh3 Ng6 26. Kg1 Re5 27. Nd4 Qc8 28. Nf5
Rxf5 29. gxf5 Qxf5 30. Qg3 Re7 31. Nf2 Bxe3 32. Bxe3 Rxe3 33. Ng4 Nxg4 34. Qxg4
Qe5 35. Rd2 Nf4 36. Rh2 Kg7 37. Kh1 d4 38. Qc8 Ng6 39. Qh3 d3 40. Qh6+ Kf6 41.
Qh3 Qd5 42. Rd2 Nh4 43. Qg4 Kg6 44. Rh2 Rxf3 45. Rxf3 Qxf3+ 46. Qxf3 Nxf3 47.
Rh8 d2 0-1

[Event "TCh-RUS Premier 2023"]
[Site "Sochi RUS"]
[Date "2023.05.01"]
[Round "1.4"]
[Board "6"]
[White "Obgolts, Erik"]
[Black "Nesterov, Arseniy"]
[Result "1/2-1/2"]
[WhiteTitle "FM"]
[BlackTitle "GM"]
[WhiteElo "2455"]
[BlackElo "2562"]
[WhiteTeam "Sbornaya Novosibirskoy oblasti (Novosibir"]
[BlackTeam "Russkaya shakhmatnaya shkola (Moskva)"]
[WhiteFideId "24199044"]
[BlackFideId "24198455"]
[EventDate "2023.05.01"]
[EventType "team"]

1. e4 e5 2. Nf3 Nc6 3. Bb5 a6 4. Ba4 Nf6 5. O-O Be7 6. d3 b5 7. Bb3 d6 8. a3 O-O
9. Nc3 Na5 10. Ba2 Be6 11. b4 Bxa2 12. Rxa2 Nc6 13. Bg5 h6 14. Bxf6 Bxf6 15. Nd5
Bg5 16. a4 Ne7 17. Nxg5 hxg5 18. c4 c6 19. Ne3 Qd7 20. d4 exd4 21. Qxd4 Qe6 22.
axb5 axb5 23. Rxa8 Rxa8 24. cxb5 cxb5 25. Qd3 Qe5 26. Ng4 Qe6 27. Ne3 Qe5 1/2-1/2

[Event "TCh-RUS Premier 2023"]
[Site "Sochi RUS"]
[Date "2023.05.01"]
[Round "1.5"]
[Board "1"]
[White "Zakhartsov, Vladimir"]
[Black "Lazavik, Denis"]
[Result "1/2-1/2"]
[WhiteTitle "GM"]
[BlackTitle "GM"]
[WhiteElo "2547"]
[BlackElo "2544"]
[WhiteTeam "Shkola im. M.M. Botvinnika  (Moskva)"]
[BlackTeam "Belarus (Respublika Belarus)"]
[WhiteFideId "4145097"]
[BlackFideId "13515110"]
[EventDate "2023.05.01"]
[EventType "team"]

1. d4 Nf6 2. c4 e6 3. Nf3 d5 4. Nc3 Be7 5. Bf4 O-O 6. e3 Nbd7 7. a3 c5 8. cxd5
Nxd5 9. Nxd5 exd5 10. dxc5 Nxc5 11. Be5 Bg4 12. Be2 Bxf3 13. Bxf3 Bf6 14. Bxf6
Qxf6 15. O-O 1/2-1/2

[Event "TCh-RUS Premier 2023"]
[Site "Sochi RUS"]
[Date "2023.05.01"]
[Round "1.5"]
[Board "2"]
[White "Nikitenko, Mihail"]
[Black "Rychagov, Andrey"]
[Result "0-1"]
[WhiteTitle "GM"]
[BlackTitle "GM"]
[WhiteElo "2522"]
[BlackElo "2547"]
[WhiteTeam "Belarus (Respublika Belarus)"]
[BlackTeam "Shkola im. M.M. Botvinnika  (Moskva)"]
[WhiteFideId "13506862"]
[BlackFideId "4119932"]
[EventDate "2023.05.01"]
[EventType "team"]

1. Nf3 d5 2. g3 c6 3. Bg2 Bg4 4. O-O Nd7 5. d4 e6 6. h3 Bh5 7. c4 Ngf6 8. cxd5
cxd5 9. Nc3 Be7 10. Ne5 O-O 11. Qb3 Nxe5 12. dxe5 Nd7 13. Qxb7 Nxe5 14. g4 Bg6
15. Rd1 Nc4 16. e4 Rb8 17. Qxa7 Nxb2 18. Bxb2 Rxb2 19. exd5 Bh4 20. dxe6 Qf6 21.
exf7+ Kh8 22. Nd5 Bxf2+ 23. Kh1 Bxa7 24. Nxf6 gxf6 25. a4 Rxf7 26. a5 Re7 27.
Re1 Rxe1+ 28. Rxe1 Ra2 29. h4 Rxa5 30. h5 Bxh5 0-1

[Event "TCh-RUS Premier 2023"]
[Site "Sochi RUS"]
[Date "2023.05.01"]
[Round "1.5"]
[Board "3"]
[White "Sviridov, Valery"]
[Black "Aleksandrov, Aleksej"]
[Result "1/2-1/2"]
[BlackTitle "GM"]
[WhiteElo "2545"]
[BlackElo "2484"]
[WhiteTeam "Shkola im. M.M. Botvinnika  (Moskva)"]
[BlackTeam "Belarus (Respublika Belarus)"]
[WhiteFideId "4120680"]
[BlackFideId "13500139"]
[EventDate "2023.05.01"]
[EventType "team"]

1. d4 Nf6 2. c4 e6 3. Nf3 d5 4. g3 dxc4 5. Bg2 Nc6 6. Qa4 Bb4+ 7. Bd2 Nd5 8.
Bxb4 Nxb4 9. a3 b5 10. Qxb5 Nc2+ 11. Kf1 Nxa1 12. Ne5 O-O 13. Nxc6 Qd6 14. Nd2
c3 15. bxc3 Qxa3 16. Ne7+ Qxe7 17. Bxa8 Qa3 18. Qc5 Qa2 19. Kg2 a5 20. Be4 Qxd2
21. Rxa1 Qxe2 22. Bf3 Qb2 23. Rxa5 Bb7 24. Qxc7 Bxf3+ 25. Kxf3 Qb1 1/2-1/2

[Event "TCh-RUS Premier 2023"]
[Site "Sochi RUS"]
[Date "2023.05.01"]
[Round "1.5"]
[Board "4"]
[White "Fedorov, Alexei"]
[Black "Uskov, Artem"]
[Result "1/2-1/2"]
[WhiteTitle "GM"]
[BlackTitle "IM"]
[WhiteElo "2477"]
[BlackElo "2367"]
[WhiteTeam "Belarus (Respublika Belarus)"]
[BlackTeam "Shkola im. M.M. Botvinnika  (Moskva)"]
[WhiteFideId "13500465"]
[BlackFideId "34254854"]
[EventDate "2023.05.01"]
[EventType "team"]

1. e4 c5 2. Nc3 d6 3. Bc4 Nf6 4. d3 Nc6 5. a3 a6 6. Ba2 g6 7. Nf3 Bg7 8. h3 O-O
9. O-O b5 10. Be3 Qc7 11. Qd2 Rb8 12. Rfe1 Re8 13. Ne2 b4 14. axb4 cxb4 15. Bh6
Bh8 16. Ng3 Na5 17. e5 dxe5 18. Rxe5 Nc6 19. Re2 e5 20. d4 Be6 21. dxe5 Nd7 22.
Bxe6 Rxe6 23. Ng5 Rxe5 24. N5e4 Re6 25. Bf4 Be5 26. Bxe5 Ncxe5 27. Qh6 f6 28.
Rd1 Rbe8 29. Red2 Nc5 30. Qh4 Nxe4 31. Nxe4 Ng4 32. Qxg4 Rxe4 33. Qg3 Qxg3 34.
fxg3 1/2-1/2

[Event "TCh-RUS Premier 2023"]
[Site "Sochi RUS"]
[Date "2023.05.01"]
[Round "1.5"]
[Board "5"]
[White "Zverev, Lev"]
[Black "Zarubitski, Viachaslau"]
[Result "1-0"]
[WhiteTitle "FM"]
[BlackTitle "IM"]
[WhiteElo "2301"]
[BlackElo "2423"]
[WhiteTeam "Shkola im. M.M. Botvinnika  (Moskva)"]
[BlackTeam "Belarus (Respublika Belarus)"]
[WhiteFideId "24250775"]
[BlackFideId "13509373"]
[EventDate "2023.05.01"]
[EventType "team"]

1. e4 e5 2. Nf3 Nf6 3. d4 Nxe4 4. Bd3 d5 5. Nxe5 Nd7 6. Nxd7 Bxd7 7. O-O Bd6 8.
c4 O-O 9. cxd5 f5 10. f4 Qf6 11. Be3 Rae8 12. Qf3 c5 13. dxc6 Bxc6 14. Qh3 Bc7
15. Nc3 Bb6 16. Rad1 Nd6 17. Kh1 Kh8 18. Bg1 Re7 19. Bc2 Rfe8 20. Bb3 Be4 21.
Nd5 Bxd5 22. Bxd5 Re2 23. b4 Rb2 24. Rfe1 Rbe2 25. Rxe2 Rxe2 26. a4 a5 27. Qc3
Qd8 28. Bf3 Re7 29. Qb3 axb4 30. Qxb4 Ba5 31. Qb3 Bb6 32. Rb1 Ba7 33. Qb4 h6 34.
Rc1 Rd7 35. Bd5 Re7 36. Qb3 Qd7 37. Bf3 Kh7 38. Qb4 Qd8 39. Re1 Qe8 40. Rxe7
Qxe7 41. Bxb7 Qxb7 42. Qxd6 Bb8 43. Qe6 Qb1 44. a5 Bxf4 45. a6 Bb8 46. Qd7 Bf4
47. Qe7 Bg5 48. Qe6 Bf6 49. Qd5 Bg5 50. Qf3 Bf6 51. Qf2 Kg6 52. a7 Qa1 53. d5
Be5 54. d6 Kf6 55. d7 Ke7 56. Qc5+ Kxd7 57. Qd5+ 1-0

[Event "TCh-RUS Premier 2023"]
[Site "Sochi RUS"]
[Date "2023.05.01"]
[Round "1.5"]
[Board "6"]
[White "Tsaruk, Maksim"]
[Black "Averin, Nikolay"]
[Result "1-0"]
[WhiteTitle "FM"]
[BlackTitle "FM"]
[WhiteElo "2371"]
[BlackElo "2293"]
[WhiteTeam "Belarus (Respublika Belarus)"]
[BlackTeam "Shkola im. M.M. Botvinnika  (Moskva)"]
[WhiteFideId "13511173"]
[BlackFideId "24250473"]
[EventDate "2023.05.01"]
[EventType "team"]

1. e4 c5 2. Nf3 d6 3. d4 cxd4 4. Nxd4 Nf6 5. Nc3 a6 6. h3 e5 7. Nde2 h5 8. g3
Be6 9. Bg2 Nbd7 10. a4 Be7 11. b3 g6 12. O-O h4 13. g4 O-O 14. Be3 Rc8 15. Qd2
Rc6 16. a5 Nh7 17. f4 exf4 18. Nxf4 Rc8 19. e5 Nxe5 20. Bxb7 Ng5 21. Bg2 Bd7 22.
Nfd5 Nh7 23. Bb6 Bg5 24. Qf2 Qe8 25. Ne4 Be7 26. Nc7 Rxc7 27. Bxc7 f5 28. Nxd6
Bxd6 29. Bxd6 Rf6 30. Qc5 Nf7 31. Be7 Re6 32. gxf5 gxf5 33. Rae1 Nhg5 34. Qb4
Ne4 35. Rxf5 Ng3 36. Rxe6 Bxe6 37. Qg4+ Kh7 38. Rh5+ Nxh5 39. Be4+ Kh8 40. Qxh5+
Kg7 41. Qh7# 1-0

[Event "TCh-RUS Premier 2023"]
[Site "Sochi RUS"]
[Date "2023.05.02"]
[Round "2.1"]
[Board "1"]
[White "Artemiev, Vladislav"]
[Black "Lazavik, Denis"]
[Result "1/2-1/2"]
[WhiteTitle "GM"]
[BlackTitle "GM"]
[WhiteElo "2701"]
[BlackElo "2544"]
[WhiteTeam "Ladya (Respublika Tatarstan)"]
[BlackTeam "Belarus (Respublika Belarus)"]
[WhiteFideId "24101605"]
[BlackFideId "13515110"]
[EventDate "2023.05.01"]
[EventType "team"]

1. c4 Nf6 2. Nc3 e5 3. Nf3 Nc6 4. d4 exd4 5. Nxd4 Bb4 6. g3 Ne5 7. Qb3 Bc5 8.
Nc2 O-O 9. Bg2 d6 10. Na4 Bb6 11. Nxb6 axb6 12. Qc3 Re8 13. O-O d5 14. cxd5 Nxd5
15. Qd4 Nf6 16. Qxd8 Rxd8 17. Bf4 Re8 18. Nd4 c6 19. a4 Bd7 20. b3 Ng6 21. Bc7
Ra6 22. Rfd1 Nf8 23. Bd6 Ne6 24. Rac1 Nxd4 25. Rxd4 Be6 26. Rd3 Bf5 27. Rd2 Ne4
28. Bxe4 Bxe4 29. f3 Bd5 30. Rc3 f5 31. Kf2 Kf7 32. Bf4 Ra5 33. Rcd3 Re6 34. Be3
b5 35. Bb6 Ra6 36. a5 Ra8 37. Rxd5 cxd5 38. Rxd5 g6 39. Rxb5 Rae8 40. e3 Re5 41.
Bc5 R8e7 42. f4 Rd5 43. Kf3 Red7 44. h3 h5 45. b4 Rd1 46. Bd4 Rc7 47. Bc5 Rcd7
48. Bd4 Rc7 49. Ke2 Rg1 50. Kf2 Rd1 51. Ke2 Rg1 52. Kf2 1/2-1/2

[Event "TCh-RUS Premier 2023"]
[Site "Sochi RUS"]
[Date "2023.05.02"]
[Round "2.1"]
[Board "2"]
[White "Aleksandrov, Aleksej"]
[Black "Timofeev, Artyom"]
[Result "1/2-1/2"]
[WhiteTitle "GM"]
[BlackTitle "GM"]
[WhiteElo "2484"]
[BlackElo "2567"]
[WhiteTeam "Belarus (Respublika Belarus)"]
[BlackTeam "Ladya (Respublika Tatarstan)"]
[WhiteFideId "13500139"]
[BlackFideId "4140419"]
[EventDate "2023.05.01"]
[EventType "team"]

1. Nf3 Nf6 2. c4 g6 3. Nc3 Bg7 4. e4 c5 5. d4 cxd4 6. Nxd4 Nc6 7. Be3 O-O 8. Be2
b6 9. O-O Bb7 10. f3 e6 11. Qd2 d5 12. Nxc6 Bxc6 13. cxd5 exd5 14. e5 Ne8 15. f4
f6 16. exf6 Nxf6 17. Rad1 Qe8 18. Bd4 Rd8 19. Qc2 Kh8 20. Rd2 Bd7 21. Bd3 Qf7
22. h3 Nh5 23. Bxg7+ Qxg7 24. Ne2 Rde8 25. Qc7 Qe7 26. Qc3+ Qg7 27. Qxg7+ Kxg7
28. Ba6 Re4 29. Rxd5 Be6 30. Rd6 Bc4 31. Bxc4 Rxc4 32. g3 Re8 33. Rd2 a5 34. Kg2
a4 35. Rf3 Nf6 36. Rc3 Rxc3 37. Nxc3 a3 38. bxa3 Re3 39. Rc2 h5 40. a4 Rd3 41.
Ne2 Nd5 42. Nc1 Rd4 43. Kf3 Rxa4 44. Rd2 Nb4 45. Rd7+ Kf8 46. Rd6 Ra3+ 47. Ke4
Rxg3 48. Rxb6 Nc2 49. Rb3 Rg1 50. Nd3 Kg7 51. Ne5 Kf6 52. Rb6+ Kg7 53. a4 Rg3
54. Rb7+ Kf6 55. Nf3 Rxh3 56. Rc7 Nb4 57. Ng5 Re3+ 58. Kd4 Rd3+ 59. Ke4 Re3+ 60.
Kxe3 Nd5+ 61. Ke4 Nxc7 62. Nf3 Na6 63. a5 Nb4 64. Ne5 h4 65. Ng4+ Ke6 66. Nf2
Kd6 67. Ng4 h3 68. Kf3 Kc5 69. Ne5 Nd5 70. Ke4 1/2-1/2

[Event "TCh-RUS Premier 2023"]
[Site "Sochi RUS"]
[Date "2023.05.02"]
[Round "2.1"]
[Board "3"]
[White "Tsydypov, Zhamsaran"]
[Black "Fedorov, Alexei"]
[Result "1-0"]
[WhiteTitle "GM"]
[BlackTitle "GM"]
[WhiteElo "2538"]
[BlackElo "2477"]
[WhiteTeam "Ladya (Respublika Tatarstan)"]
[BlackTeam "Belarus (Respublika Belarus)"]
[WhiteFideId "4108566"]
[BlackFideId "13500465"]
[EventDate "2023.05.01"]
[EventType "team"]

1. e4 c5 2. c3 Nf6 3. e5 Nd5 4. Nf3 Nc6 5. Bc4 Nb6 6. Bb3 c4 7. Bc2 d6 8. exd6
Qxd6 9. O-O Bg4 10. Qe2 g6 11. b3 cxb3 12. axb3 Bg7 13. h3 Bxf3 14. Qxf3 O-O 15.
Na3 Qd7 16. Nc4 Nd5 17. Re1 Rfd8 18. Na5 e6 19. Be4 Ne5 20. Qg3 f5 21. Bxd5 Qxd5
22. d4 Nf7 23. Bf4 Rac8 24. Re3 b5 25. b4 Re8 26. Rae1 Re7 27. h4 Bf6 28. Rd3
Kg7 29. Be5 h6 30. f4 h5 31. Bxf6+ Kxf6 32. Re5 Qa2 33. Rxb5 Rec7 34. Rc5 Qb1+
35. Kh2 Nh6 36. Qg5+ Kg7 37. Rg3 Ng4+ 38. Rxg4 hxg4 39. Nb7 Qe1 40. Nd6 Rxc5 41.
dxc5 Rf8 42. h5 Qe3 43. Qxg6+ Kh8 44. Qh6+ Kg8 45. c6 1-0

[Event "TCh-RUS Premier 2023"]
[Site "Sochi RUS"]
[Date "2023.05.02"]
[Round "2.1"]
[Board "4"]
[White "Tsaruk, Maksim"]
[Black "Drygalov, Andrey"]
[Result "1/2-1/2"]
[WhiteTitle "FM"]
[BlackTitle "GM"]
[WhiteElo "2371"]
[BlackElo "2484"]
[WhiteTeam "Belarus (Respublika Belarus)"]
[BlackTeam "Ladya (Respublika Tatarstan)"]
[WhiteFideId "13511173"]
[BlackFideId "24171735"]
[EventDate "2023.05.01"]
[EventType "team"]

1. e4 c5 2. Nf3 d6 3. d4 cxd4 4. Nxd4 Nf6 5. Nc3 a6 6. g3 g6 7. Bg2 Bg7 8. O-O
O-O 9. h3 Nc6 10. Be3 Bd7 11. Qd2 Rc8 12. Rad1 Qc7 13. Nxc6 Bxc6 14. Rfe1 b5 15.
a3 a5 16. Nd5 Bxd5 17. exd5 Qxc2 18. Qxa5 Qxb2 19. Rb1 Qc3 20. Qxb5 Qxa3 21. Bd4
Qa8 22. Rxe7 Rb8 23. Rb7 Rxb7 24. Qxb7 Qxb7 25. Rxb7 Rd8 26. Bb6 Rc8 27. Be3 Rd8
28. Bf3 h6 29. Bb6 Rc8 30. Kg2 Bf8 31. Bd4 Bg7 32. Bb6 Bf8 33. g4 g5 34. Bd4 Bg7
35. Be3 Re8 36. h4 gxh4 37. Kh3 Ne4 38. Bxe4 Rxe4 39. Rd7 Be5 40. Bxh6 Rd4 41.
f4 Bxf4 42. Rd8+ Kh7 43. Bxf4 Rxf4 44. Rxd6 Rd4 45. Rd8 Kg6 46. d6 Kf6 47. Kxh4
Ke6 48. Kg5 Rd5+ 49. Kh6 Rxd6 50. Rxd6+ Kxd6 51. Kg7 Ke7 52. g5 Ke8 53. g6 fxg6
54. Kxg6 1/2-1/2

[Event "TCh-RUS Premier 2023"]
[Site "Sochi RUS"]
[Date "2023.05.02"]
[Round "2.1"]
[Board "5"]
[White "Samusenko, Maksim"]
[Black "Stribuk, Artiom"]
[Result "1-0"]
[WhiteTitle "IM"]
[BlackTitle "FM"]
[WhiteElo "2464"]
[BlackElo "2376"]
[WhiteTeam "Ladya (Respublika Tatarstan)"]
[BlackTeam "Belarus (Respublika Belarus)"]
[WhiteFideId "4112253"]
[BlackFideId "13515659"]
[EventDate "2023.05.01"]
[EventType "team"]

1. e4 c5 2. Nc3 Nc6 3. Bb5 Nd4 4. Nf3 e6 5. O-O a6 6. Bd3 Nc6 7. b3 d6 8. Bb2
Be7 9. Re1 Bf6 10. e5 Nxe5 11. Nxe5 Bxe5 12. Rxe5 dxe5 13. Qh5 Qd4 14. Na4 Nf6
15. Qg5 Qd8 16. Bxe5 O-O 17. Nb6 Rb8 18. Bxb8 Qxb6 19. Be5 Ne8 20. Qe7 g6 21.
Bf4 Qc6 22. Re1 b6 23. Bh6 Ng7 24. Qf6 Ne8 25. Qc3 f6 26. Bxf8 Kxf8 27. b4 Ke7
28. Be4 Qb5 29. bxc5 bxc5 30. Qh3 Qa5 31. Qxh7+ Kd6 32. Bxg6 Qxd2 33. Rb1 Nc7
34. Qh8 Bd7 35. Qf8+ Ke5 36. Qxc5+ Nd5 37. c4 Qc3 38. Qa7 1-0

[Event "TCh-RUS Premier 2023"]
[Site "Sochi RUS"]
[Date "2023.05.02"]
[Round "2.1"]
[Board "6"]
[White "Siniauski, Artsiom"]
[Black "Faizrakhmanov, Ramil"]
[Result "1-0"]
[WhiteTitle "FM"]
[BlackTitle "IM"]
[WhiteElo "2247"]
[BlackElo "2480"]
[WhiteTeam "Belarus (Respublika Belarus)"]
[BlackTeam "Ladya (Respublika Tatarstan)"]
[WhiteFideId "13512269"]
[BlackFideId "24103209"]
[EventDate "2023.05.01"]
[EventType "team"]

1. e4 c6 2. d4 d5 3. e5 Bf5 4. h4 h5 5. c4 e6 6. Nc3 dxc4 7. Bxc4 Nd7 8. Nge2
Be7 9. g3 Qb6 10. O-O Rd8 11. Bf4 Qxb2 12. Bd3 Bxd3 13. Qxd3 Qa3 14. Rab1 Nb6
15. Rb3 Qa6 16. Qxa6 bxa6 17. Ne4 Nh6 18. Bxh6 Rxh6 19. Rc1 Rc8 20. Nc5 a5 21.
f4 Rh8 22. Kf2 g6 23. Kf3 Kf8 24. Na6 Kg7 25. Rbc3 Nd5 26. Rxc6 Rxc6 27. Rxc6
Rd8 28. Ke4 Bb4 29. Nc7 Nxc7 30. Rxc7 a6 31. Kd3 Rb8 32. Rc6 Be1 33. Rc1 Bb4 34.
Ng1 Be7 35. Nf3 Rb2 36. Rc2 Rb1 37. Rc7 Kf8 38. Rc8+ Kg7 39. Rc7 Kf8 40. Nd2 Ra1
41. Rc8+ Kg7 42. Rc2 a4 43. Ne4 a3 44. Kc4 Rb1 45. Nc5 a5 46. Rc3 Rb4+ 47. Kd3
Rb5 48. Rb3 Rxb3+ 49. Nxb3 Bb4 50. Nd2 Kf8 51. Nf3 Ke7 52. Kc4 Kd7 53. d5 exd5+
54. Kxd5 Ke7 55. Ke4 Bc5 56. Nd4 Bb4 57. f5 Be1 58. f6+ Kd7 59. Ne2 a4 60. Kf4
Ke6 61. Ke4 Kd7 62. Ke3 Ke6 63. Kd4 Kd7 64. Ke4 Bf2 65. Kf3 Be1 66. Nf4 Ke8 67.
Nd3 Bd2 68. Ke4 Bc3 69. Kd5 Kd8 70. Nc5 Be1 71. e6 Ke8 72. e7 Bc3 73. Ne4 Bxf6
74. Nxf6+ Kxe7 75. Ke5 Kf8 76. Nd5 Kg7 77. Nc3 f6+ 78. Ke4 1-0

[Event "TCh-RUS Premier 2023"]
[Site "Sochi RUS"]
[Date "2023.05.02"]
[Round "2.2"]
[Board "1"]
[White "Murzin, Volodar"]
[Black "Zakhartsov, Vladimir"]
[Result "1/2-1/2"]
[WhiteTitle "GM"]
[BlackTitle "GM"]
[WhiteElo "2577"]
[BlackElo "2547"]
[WhiteTeam "Sbornaya Novosibirskoy oblasti (Novosibir"]
[BlackTeam "Shkola im. M.M. Botvinnika  (Moskva)"]
[WhiteFideId "44155573"]
[BlackFideId "4145097"]
[EventDate "2023.05.01"]
[EventType "team"]

1. e4 c5 2. Nf3 d6 3. d4 Nf6 4. Nc3 cxd4 5. Nxd4 g6 6. Be3 Bg7 7. f3 Nc6 8. Qd2
O-O 9. O-O-O d5 10. exd5 Nxd5 11. Nxc6 bxc6 12. Bd4 Bxd4 13. Qxd4 Qb6 14. Na4
Qc7 15. Bc4 Nb6 1/2-1/2

[Event "TCh-RUS Premier 2023"]
[Site "Sochi RUS"]
[Date "2023.05.02"]
[Round "2.2"]
[Board "3"]
[White "Bocharov, Dmitry"]
[Black "Sviridov, Valery"]
[Result "1/2-1/2"]
[WhiteTitle "GM"]
[WhiteElo "2516"]
[BlackElo "2545"]
[WhiteTeam "Sbornaya Novosibirskoy oblasti (Novosibir"]
[BlackTeam "Shkola im. M.M. Botvinnika  (Moskva)"]
[WhiteFideId "4138716"]
[BlackFideId "4120680"]
[EventDate "2023.05.01"]
[EventType "team"]

1. d4 Nf6 2. c4 g6 3. g3 Bg7 4. Bg2 c5 5. d5 d6 6. Nc3 O-O 7. Nf3 e6 8. O-O exd5
9. cxd5 a6 10. a4 Re8 11. Bf4 Nbd7 12. Bxd6 Qb6 13. Bf4 Qxb2 14. Qc1 Qxc1 15.
Rfxc1 Ne4 16. Nxe4 Rxe4 17. Ra2 Nb6 18. d6 Rxa4 19. Rac2 c4 20. Be5 Ra5 21. Bd4
Rb5 22. Bxg7 Kxg7 23. Nd2 a5 24. Nxc4 Nxc4 25. Rxc4 Be6 26. Rc7 Rd8 27. Rxb7
Rxb7 28. Bxb7 a4 29. Ra1 Bb3 30. Bc6 Rxd6 31. Bxa4 Ra6 32. Bxb3 Rxa1+ 33. Kg2 f5
34. h4 Kf6 35. f4 Ke7 36. Bd5 Kd6 37. Bf3 h6 38. Kf2 Kc5 39. Bg2 Kd4 40. Bf3 h5
41. Bc6 Kc3 42. Be8 Ra6 43. Bb5 Rb6 44. Bd3 Kd2 45. Bc4 Rd6 46. Bb5 Rb6 1/2-1/2

[Event "TCh-RUS Premier 2023"]
[Site "Sochi RUS"]
[Date "2023.05.02"]
[Round "2.2"]
[Board "4"]
[White "Uskov, Artem"]
[Black "Kezin, Roman"]
[Result "1/2-1/2"]
[WhiteTitle "IM"]
[BlackTitle "IM"]
[WhiteElo "2367"]
[BlackElo "2514"]
[WhiteTeam "Shkola im. M.M. Botvinnika  (Moskva)"]
[BlackTeam "Sbornaya Novosibirskoy oblasti (Novosibir"]
[WhiteFideId "34254854"]
[BlackFideId "24124621"]
[EventDate "2023.05.01"]
[EventType "team"]

1. e4 c5 2. Nf3 d6 3. c3 Nf6 4. Bd3 Nc6 5. h3 e5 6. Bc2 d5 7. exd5 Qxd5 8. Qe2
Be7 9. d3 Bf5 10. Nbd2 Rd8 11. Nc4 Bxd3 12. Bxd3 Qxd3 13. Qxd3 Rxd3 14. Ncxe5
Nxe5 15. Nxe5 Rd6 1/2-1/2

[Event "TCh-RUS Premier 2023"]
[Site "Sochi RUS"]
[Date "2023.05.02"]
[Round "2.2"]
[Board "5"]
[White "Khubukshanov, Erdem"]
[Black "Zverev, Lev"]
[Result "1-0"]
[WhiteTitle "IM"]
[BlackTitle "FM"]
[WhiteElo "2388"]
[BlackElo "2301"]
[WhiteTeam "Sbornaya Novosibirskoy oblasti (Novosibir"]
[BlackTeam "Shkola im. M.M. Botvinnika  (Moskva)"]
[WhiteFideId "54114527"]
[BlackFideId "24250775"]
[EventDate "2023.05.01"]
[EventType "team"]

1. e4 e5 2. Nf3 Nc6 3. Bc4 Bc5 4. d3 Nf6 5. O-O d6 6. c3 a6 7. a4 Ba7 8. Re1 O-O
9. h3 Ne7 10. d4 Ng6 11. Nbd2 c6 12. Bf1 h6 13. a5 Be6 14. dxe5 dxe5 15. Qc2 Nh5
16. Nc4 Qf6 17. Be3 Bxe3 18. Rxe3 Nhf4 19. Nb6 Rad8 20. Kh2 Ne7 21. g3 Nfg6 22.
Na4 Bc8 23. Rd1 Rd6 24. Nc5 Kh8 25. h4 Ng8 26. h5 N6e7 27. Bh3 Bxh3 28. Kxh3 Nc8
29. Nxb7 Rxd1 30. Qxd1 Qe7 31. Qb3 Nf6 32. Qb4 Qd7+ 33. Kg2 Re8 34. Nc5 Qg4 35.
Nh2 Qg5 36. Qc4 Nxh5 37. Qxa6 Rd8 38. Kf1 Nd6 39. Nd3 Nf6 40. Qxc6 Ndxe4 41. Kg2
Nxf2 42. Rxe5 Nxd3 43. Rxg5 hxg5 44. a6 Ne5 45. Qb7 Rd2+ 46. Kg1 Nfg4 47. Nxg4
Nxg4 48. Qc8+ Kh7 49. Qxg4 1-0